000 00872cam a2200229 a 4500
001 15638906
005 20180122074955.0
008 090226s2009 nyu 001 0 eng
010 _a 2009006924
020 _a9781594032547 (alk. paper)
020 _a1594032548 (alk. paper)
040 _aDLC
_cDLC
_dDLC
041 _aeng
080 _a330.122 GUY
082 0 0 _a330.122 GUY
_222
100 1 _a52
101 _aECO
245 1 0 _aEconomics does not lie :
_cby Guy Sorman ; translated by Alexis Cornel.
906 _a7
_bcbc
_corignew
_d1
_eecip
_f20
_gy-gencatlg
942 _2ddc
_cBK
999 _c40668
_d40668